50 Cent Albums - Statistics

General Stats
  • This quiz has been taken 14 times
  • The average score is 3 of 5
Answer Stats
Release Date Album % Correct
February 6, 2003 Get Rich Or Die Tryin'
100%
March 3, 2005 The Massacre
83%
September 11, 2007 Curtis
75%
June 3, 2014 Animal Ambition: An Untamed Desire To Win
33%
November 16, 2009 Before I Self Destruct
33%
No matching quizzes found
Score Distribution
Percent of People with Each Score
Percentile by Number Answered
Your Score History
You have not taken this quiz